01005nam a2200217 i 4500001000400000100002100004245034200025260003900367300003400406651005300440700002000493700002100513700002700534700003100561700002500592020001500617040000800632041000800640008004100648856009800689bgj1 aBERMANN, Richard10aZarzura :bdie Oase der kleinen Vögel : Die Geschichte einer Expedition in die Libysche Wüste : Mit 137 Aufnahmen von Hans Casparius, dem Originaltagebuch dieser Tage, einer Karte von Dr. Ladislaus Kadar sowie einem Nachwort /cRichard Arnold Bermann alias Arnold Höllriegel ; Herausgegeben von Michael Farin und Andreas Stuhlmann. aMünchen :bBelleville,cc. 2003. a279, [1] S. :bIll. ;c24 cm. 9aLibysche WüstexExpeditionxReisebericht, 19331 aCASPARIUS, Hans1 aKADAR, Ladislaus1 aFARIN, Michael.eHrsg.1 aSTUHLMANN, Andreas.eHrsg.1 aHÖLLRIEGEL, Arnold a3936298041 cBPK0 ager s gw f |000 0 ger  uhttp://koha.tu.koszalin.pl/cgi-bin/koha/opac-detail.pl?biblionumber=50605yKatalog online BPK